Community child health : (Record no. 4674)

MARC details
000 -LEADER
fixed length control field 00895pam a2200265 a 4500
001 - CONTROL NUMBER
control field 2437411
003 - CONTROL NUMBER IDENTIFIER
control field OSt
005 - DATE AND TIME OF LATEST TRANSACTION
control field 20160707180721.0
008 - FIXED-LENGTH DATA ELEMENTS--GENERAL INFORMATION
fixed length control field 880607s1989 at a b 001 0 eng c
010 ## - LIBRARY OF CONGRESS CONTROL NUMBER
LC control number 88020231
020 ## - INTERNATIONAL STANDARD BOOK NUMBER
International Standard Book Number 0443034761
040 ## - CATALOGING SOURCE
Original cataloging agency DNLM/DLC
Transcribing agency DLC
Modifying agency DLC
043 ## - GEOGRAPHIC AREA CODE
Geographic area code u-at---
082 ## - DEWEY DECIMAL CLASSIFICATION NUMBER
Classification number WA 320
Item number V727c 1989
245 00 - TITLE STATEMENT
Title Community child health :
Remainder of title an Australian perspective /
Statement of responsibility, etc. edited by Graham Vimpani, Trevor Parry.
260 ## - PUBLICATION, DISTRIBUTION, ETC. (IMPRINT)
Place of publication, distribution, etc. Melbourne ;
-- New York :
Name of publisher, distributor, etc. Churchill Livingstone,
Date of publication, distribution, etc. 1989.
300 ## - PHYSICAL DESCRIPTION
Extent xiii, 603 p. :
Other physical details ill. ;
Dimensions 24 cm.
504 ## - BIBLIOGRAPHY, ETC. NOTE
Bibliography, etc Includes bibliographies and index.
650 #0 - SUBJECT ADDED ENTRY--TOPICAL TERM
Topical term or geographic name as entry element Community health services for children
Geographic subdivision Australia.
9 (RLIN) 10052
650 #2 - SUBJECT ADDED ENTRY--TOPICAL TERM
Topical term or geographic name as entry element Child Health Services
Geographic subdivision Australia.
9 (RLIN) 10053
700 1# - ADDED ENTRY--PERSONAL NAME
Personal name Vimpani, Graham.
9 (RLIN) 10054
700 1# - ADDED ENTRY--PERSONAL NAME
Personal name Parry, Trevor.
9 (RLIN) 10055
906 ## - LOCAL DATA ELEMENT F, LDF (RLIN)
a 7
b cbc
c orignew
d 1
e ocip
f 19
g y-gencatlg
942 ## - ADDED ENTRY ELEMENTS (KOHA)
Source of classification or shelving scheme Other/Generic Classification Scheme
Koha item type Open Shelf
Holdings
Withdrawn status Lost status Source of classification or shelving scheme Damaged status Not for loan Home library Current library Date acquired Source of acquisition Inventory number Total Checkouts Full call number Barcode Date last seen Price effective from Koha item type
    Other/Generic Classification Scheme     MUST Main Library MUST Main Library 07/07/2016   4223   WA 320 V727c 1989 2016-3068 07/07/2016 07/07/2016 Open Shelf
    Other/Generic Classification Scheme     MUST Main Library MUST Main Library 07/07/2016   4228   WA 320 V727c 1989 2016-3070 07/07/2016 07/07/2016 Open Shelf
    Other/Generic Classification Scheme     MUST Main Library MUST Main Library 07/07/2016   4221   WA 320 V727c 1989 2016-3071 07/07/2016 07/07/2016 Open Shelf
    Other/Generic Classification Scheme     MUST Main Library MUST Main Library 07/07/2016   4226   WA 320 V727c 1989 2016-3072 07/07/2016 07/07/2016 Open Shelf